Acides aminés et leur nom - Statistiques

Statistiques générales
  • Ce quiz a été pris 62 fois
  • Le résultat moyen est 13 sur 20
Statistiques - réponses
Hint Réponse % Correct
GLY Glycine
95%
ALA Alanine
89%
LEU Leucine
89%
VAL Valine
87%
GLN Glutamine
76%
ILE Isoleucine
74%
PRO Proline
74%
LYS Lysine
71%
MET Méthionine
71%
PHE Phénylalanine
68%
SER Sérine
68%
TYR Tyrosine
63%
CYS Cystéine
61%
TRP Tryptophane
61%
ARG Arginine
58%
ASN Asparagine
58%
THR Thréonine
58%
HYS Histidine
55%
GLU Acide glutamique
53%
ASP Acide asparique
3%
Aucun quiz correspondant
Distribution des résultats
% des personnes avec chaque résultat
Percentile par nombre de réponses
Votre historique - résultats
Vous n’avez pas pris ce quiz